[Event "Stay Safe Play From Home 322"]
[Site "Emanuel Lasker Arena"]
[Date "2020.07.22"]
[Round "9"]
[White "SoulofWolf"]
[Black "Trotsky"]
[Result "1-0"]
[WhiteElo "2088"]
[BlackElo "1579"]
[PlyCount "51"]
[EventDate "2020.07.22"]
[EventType "swiss (blitz)"]

1. f4 {[%emt 0:00:01]} d5 {[%emt 0:00:01]} 2. Nf3 {[%emt 0:00:00]} e6 {[%emt 0:00:00]} 3. e4 {[%emt 0:00:01]} c5 {[%emt 0:00:01]} 4. exd5 {[%emt 0:00:01]} exd5 {[%emt 0:00:01]} 5. d4 {[%emt 0:00:01]} Be6 {[%emt 0:00:01]} 6. Bb5+ {[%emt 0:00:02]} Nc6 {[%emt 0:00:02]} 7. O-O {[%emt 0:00:01]} Qc7 {[%emt 0:00:01]} 8. Re1 {[%emt 0:00:01]} O-O-O {[%emt 0:00:01]} 9. Nc3 {[%emt 0:00:05]} c4 {[%emt 0:00:02]} 10. Ng5 {[%emt 0:00:03]} h5 {[%emt 0:00:02]} 11. Rxe6 {[%emt 0:00:02]} fxe6 {[%emt 0:00:03]} 12. Nxe6 {[%emt 0:00:01]} Qd6 {[%emt 0:00:01]} 13. Nxd8 {[%emt 0:00:02]} Qxd8 {[%emt 0:00:01]} 14. Qf3 {[%emt 0:00:03]} Nf6 {[%emt 0:00:02]} 15. b3 {[%emt 0:00:05]} Ng4 {[%emt 0:00:04]} 16. bxc4 {[%emt 0:00:04]} Bd6 {[%emt 0:00:01]} 17. Nxd5 {[%emt 0:00:06]} Kb8 {[%emt 0:00:07]} 18. Bd2 {[%emt 0:00:01]} Ne7 {[%emt 0:00:04]} 19. Nxe7 {[%emt 0:00:02]} Qxe7 {[%emt 0:00:01]} 20. Re1 {[%emt 0:00:03]} Qc7 {[%emt 0:00:01]} 21. c5 {[%emt 0:00:02]} Bf8 {[%emt 0:00:05]} 22. f5 {[%emt 0:00:01]} Qxh2+ {[%emt 0:00:02]} 23. Kf1 {[%emt 0:00:01]} Qh1+ {[%emt 0:00:01]} 24. Ke2 {[%emt 0:00:00]} Qh4 {[%emt 0:00:08]} 25. Bf4+ {[%emt 0:00:02]} Kc8 {[%emt 0:00:04]} 26. Kd2 {[%emt 0:00:03] Âðåìÿ (Lag: Av=0.37s, max=0.8s)} 1-0

[Event "Stay Safe Play From Home 322"]
[Site "Emanuel Lasker Arena"]
[Date "2020.07.22"]
[Round "9"]
[White "Stefanone"]
[Black "Mr bh6"]
[Result "0-1"]
[WhiteElo "2079"]
[BlackElo "2404"]
[Annotator "RC"]
[PlyCount "50"]
[EventDate "2020.07.22"]
[EventType "swiss (blitz)"]

1. d4 {[%emt 0:00:01]} e6 {[%emt 0:00:00]} 2. e3 {[%emt 0:00:00]} f5 {[%emt 0:00:00]} 3. f4 {[%emt 0:00:00]} Nf6 {[%emt 0:00:00]} 4. Nf3 {[%emt 0:00:00]} b6 {[%emt 0:00:00]} 5. Bd3 {[%emt 0:00:00]} Bb7 {[%emt 0:00:00]} 6. Qe2 {[%emt 0:00:01]} Be7 {[%emt 0:00:00]} 7. Nbd2 {[%emt 0:00:01]} O-O {[%emt 0:00:01]} 8. e4 {[%emt 0:00:01]} Nxe4 {[%emt 0:00:01]} 9. Nxe4 {[%emt 0:00:00]} fxe4 {[%emt 0:00:00]} 10. Bxe4 {[%emt 0:00:00]} Bxe4 {[%emt 0:00:00]} 11. Qxe4 {[%emt 0:00:00]} Nc6 {[%emt 0:00:00]} 12. Qe3 {[%emt 0:00:01]} Bd6 {[%emt 0:00:02]} 13. Ne5 {[%emt 0:00:01]} Nxe5 {[%emt 0:00:02]} 14. fxe5 {[%emt 0:00:00]} Be7 {[%emt 0:00:03]} 15. c3 {[%emt 0:00:00]} h6 {[%emt 0:00:02]} 16. Bd2 {[%emt 0:00:02]} Bh4+ {[%emt 0:00:00]} 17. g3 {[%emt 0:00:01]} Bg5 {[%emt 0:00:00]} 18. Qe2 {[%emt 0:00:01]} Bxd2+ {[%emt 0:00:00]} 19. Kxd2 {[%emt 0:00:01]} Qg5+ {[%emt 0:00:02]} 20. Kc2 {[%emt 0:00:01]} Qg6+ {[%emt 0:00:01]} 21. Kd1 {[%emt 0:00:02]} Rf5 {[%emt 0:00:01]} 22. Rf1 {[%emt 0:00:01]} Raf8 {[%emt 0:00:00]} 23. Rxf5 {[%emt 0:00:00]} Rxf5 {[%emt 0:00:01]} 24. Kd2 {[%emt 0:00:01]} Qf7 {[%emt 0:00:01]} 25. Re1 {[%emt 0:00:02]} Rf2 {[%emt 0:00:01] Stefanone abbandona (Lag: Av=0.44s, max=0.6s)} 0-1

[Event "Stay Safe Play From Home 322"]
[Site "Emanuel Lasker Arena"]
[Date "2020.07.22"]
[Round "9"]
[White "Lazieri3"]
[Black "Meini"]
[Result "1-0"]
[WhiteElo "2067"]
[BlackElo "1559"]
[PlyCount "93"]
[EventDate "2020.07.22"]
[EventType "swiss (blitz)"]

1. e4 {[%emt 0:00:01]} c6 {[%emt 0:00:01]} 2. Nc3 {[%emt 0:00:00]} d5 {[%emt 0:00:01]} 3. exd5 {[%emt 0:00:00]} cxd5 {[%emt 0:00:01]} 4. d4 {[%emt 0:00:00]} Nc6 {[%emt 0:00:01]} 5. Nf3 {[%emt 0:00:00]} Nf6 {[%emt 0:00:01]} 6. Be3 {[%emt 0:00:00]} Bg4 {[%emt 0:00:01]} 7. Be2 {[%emt 0:00:01]} e6 {[%emt 0:00:01]} 8. Ne5 {[%emt 0:00:01]} Bxe2 {[%emt 0:00:02]} 9. Nxe2 {[%emt 0:00:02]} Bd6 {[%emt 0:00:00]} 10. Nxc6 {[%emt 0:00:01]} bxc6 {[%emt 0:00:01]} 11. c3 {[%emt 0:00:00]} O-O {[%emt 0:00:01]} 12. Bf4 {[%emt 0:00:01]} Qc7 {[%emt 0:00:01]} 13. Bxd6 {[%emt 0:00:01]} Qxd6 {[%emt 0:00:01]} 14. O-O {[%emt 0:00:00]} c5 {[%emt 0:00:01]} 15. dxc5 {[%emt 0:00:01]} Qxc5 {[%emt 0:00:01]} 16. Qd4 {[%emt 0:00:01]} Rfc8 {[%emt 0:00:02]} 17. Qxc5 {[%emt 0:00:01]} Rxc5 {[%emt 0:00:01]} 18. Nd4 {[%emt 0:00:00]} a5 {[%emt 0:00:02]} 19. f3 {[%emt 0:00:02]} a4 {[%emt 0:00:01]} 20. Rfc1 {[%emt 0:00:02]} a3 {[%emt 0:00:02]} 21. b3 {[%emt 0:00:02]} Rac8 {[%emt 0:00:02]} 22. Ne2 {[%emt 0:00:01]} Nd7 {[%emt 0:00:03]} 23. Rc2 {[%emt 0:00:01]} Ne5 {[%emt 0:00:01]} 24. Rd1 {[%emt 0:00:02]} Nd7 {[%emt 0:00:03]} 25. Rdc1 {[%emt 0:00:01]} Nb6 {[%emt 0:00:01]} 26. Kf2 {[%emt 0:00:02]} Na8 {[%emt 0:00:04]} 27. c4 {[%emt 0:00:01]} Nc7 {[%emt 0:00:00]} 28. cxd5 {[%emt 0:00:01]} Rxc2 {[%emt 0:00:02]} 29. Rxc2 {[%emt 0:00:00]} exd5 {[%emt 0:00:01]} 30. Nd4 {[%emt 0:00:02]} Kf8 {[%emt 0:00:04]} 31. Nb5 {[%emt 0:00:01]} Ke7 {[%emt 0:00:01]} 32. Rxc7+ {[%emt 0:00:02]} Rxc7 {[%emt 0:00:01]} 33. Nxc7 {[%emt 0:00:00]} Kd6 {[%emt 0:00:01]} 34. Nb5+ {[%emt 0:00:01]} Kc5 {[%emt 0:00:00]} 35. Nxa3 {[%emt 0:00:00]} Kb4 {[%emt 0:00:01]} 36. Nb1 {[%emt 0:00:01]} d4 {[%emt 0:00:01]} 37. Ke2 {[%emt 0:00:01]} f5 {[%emt 0:00:00]} 38. Kd3 {[%emt 0:00:01]} Kc5 {[%emt 0:00:01]} 39. b4+ {[%emt 0:00:02]} Kd5 {[%emt 0:00:00]} 40. a4 {[%emt 0:00:02]} g5 {[%emt 0:00:00]} 41. a5 {[%emt 0:00:01]} h5 {[%emt 0:00:00]} 42. a6 {[%emt 0:00:00]} g4 {[%emt 0:00:01]} 43. a7 {[%emt 0:00:01]} h4 {[%emt 0:00:02]} 44. a8=Q+ {[%emt 0:00:00]} Ke5 {[%emt 0:00:02]} 45. fxg4 {[%emt 0:00:00]} f4 {[%emt 0:00:01]} 46. Qe4+ {[%emt 0:00:01]} Kf6 {[%emt 0:00:01]} 47. Kxd4 {[%emt 0:00:01] Meini gibt auf (Lag: Av=0.46s, max=1.1s)} 1-0

[Event "Stay Safe Play From Home 322"]
[Site "Emanuel Lasker Arena"]
[Date "2020.07.22"]
[Round "9"]
[White "Fischer_11"]
[Black "BrainThinker22"]
[Result "0-1"]
[WhiteElo "2040"]
[BlackElo "2369"]
[Annotator "NA"]
[PlyCount "110"]
[EventDate "2020.07.22"]
[EventType "swiss (blitz)"]

1. e4 {[%emt 0:00:01]} c6 {[%emt 0:00:00]} 2. d4 {[%emt 0:00:01]} d5 {[%emt 0:00:00]} 3. exd5 {[%emt 0:00:00]} cxd5 {[%emt 0:00:00]} 4. c4 {[%emt 0:00:00]} Nf6 {[%emt 0:00:00]} 5. Nc3 {[%emt 0:00:01]} e6 {[%emt 0:00:00]} 6. Bg5 {[%emt 0:00:00]} Nc6 {[%emt 0:00:01]} 7. c5 {[%emt 0:00:00]} Be7 {[%emt 0:00:01]} 8. Nf3 {[%emt 0:00:01]} h6 {[%emt 0:00:01]} 9. Bh4 {[%emt 0:00:01]} O-O {[%emt 0:00:00]} 10. Rc1 {[%emt 0:00:01]} Ne4 {[%emt 0:00:01]} 11. Bxe7 {[%emt 0:00:01]} Qxe7 {[%emt 0:00:01]} 12. Bd3 {[%emt 0:00:01]} f5 {[%emt 0:00:03]} 13. O-O {[%emt 0:00:02]} Rd8 {[%emt 0:00:01]} 14. Bb5 {[%emt 0:00:01]} g5 {[%emt 0:00:02]} 15. Bxc6 {[%emt 0:00:04]} bxc6 {[%emt 0:00:00]} 16. Ne5 {[%emt 0:00:01]} Bd7 {[%emt 0:00:02]} 17. f3 {[%emt 0:00:01]} Nf6 {[%emt 0:00:01]} 18. b4 {[%emt 0:00:02]} Rac8 {[%emt 0:00:02]} 19. a4 {[%emt 0:00:01]} Be8 {[%emt 0:00:01]} 20. b5 {[%emt 0:00:01]} cxb5 {[%emt 0:00:00]} 21. axb5 {[%emt 0:00:01]} h5 {[%emt 0:00:06]} 22. Qa4 {[%emt 0:00:04]} Qb7 {[%emt 0:00:03]} 23. Rb1 {[%emt 0:00:02]} Rc7 {[%emt 0:00:01]} 24. Qb3 {[%emt 0:00:02]} Nd7 {[%emt 0:00:03]} 25. Rfe1 {[%emt 0:00:01]} Nxe5 {[%emt 0:00:01]} 26. Rxe5 {[%emt 0:00:00]} Bd7 {[%emt 0:00:02]} 27. c6 {[%emt 0:00:05]} Bxc6 {[%emt 0:00:01]} 28. bxc6 {[%emt 0:00:00]} Qxb3 {[%emt 0:00:00]} 29. Rxb3 {[%emt 0:00:01]} Rxc6 {[%emt 0:00:00]} 30. Ne2 {[%emt 0:00:04]} Rd7 {[%emt 0:00:01]} 31. Rc3 {[%emt 0:00:01]} Rb6 {[%emt 0:00:02]} 32. Kf2 {[%emt 0:00:01]} Kf7 {[%emt 0:00:01]} 33. Ke3 {[%emt 0:00:00]} f4+ {[%emt 0:00:01]} 34. Kd3 {[%emt 0:00:01]} Kf6 {[%emt 0:00:00]} 35. h4 {[%emt 0:00:02]} gxh4 {[%emt 0:00:03]} 36. Rxh5 {[%emt 0:00:01]} a5 {[%emt 0:00:03]} 37. Rxh4 {[%emt 0:00:01]} a4 {[%emt 0:00:00]} 38. Rxf4+ {[%emt 0:00:01]} Ke7 {[%emt 0:00:00]} 39. Rh4 {[%emt 0:00:01]} Rdb7 {[%emt 0:00:01]} 40. Rh7+ {[%emt 0:00:01]} Kd6 {[%emt 0:00:00]} 41. Rxb7 {[%emt 0:00:00]} Rxb7 {[%emt 0:00:00]} 42. f4 {[%emt 0:00:01]} Rb2 {[%emt 0:00:01]} 43. Ng3 {[%emt 0:00:02]} Rxg2 {[%emt 0:00:01]} 44. f5 {[%emt 0:00:00]} Rxg3+ {[%emt 0:00:01]} 45. Kc2 {[%emt 0:00:01]} Rxc3+ {[%emt 0:00:00]} 46. Kxc3 {[%emt 0:00:00]} exf5 {[%emt 0:00:00]} 47. Kb4 {[%emt 0:00:01]} f4 {[%emt 0:00:00]} 48. Kxa4 {[%emt 0:00:00]} f3 {[%emt 0:00:00]} 49. Kb5 {[%emt 0:00:00]} f2 {[%emt 0:00:00]} 50. Kb6 {[%emt 0:00:00]} f1=Q {[%emt 0:00:01]} 51. Kb7 {[%emt 0:00:00]} Qc4 {[%emt 0:00:01]} 52. Kb8 {[%emt 0:00:02]} Qc6 {[%emt 0:00:02]} 53. Ka7 {[%emt 0:00:01]} Qb5 {[%emt 0:00:00]} 54. Ka8 {[%emt 0:00:01]} Kc7 {[%emt 0:00:00]} 55. Ka7 {[%emt 0:00:00]} Qb7# {[%emt 0:00:00] (Lag: Av=0.38s, max=0.9s)} 0-1

[Event "Stay Safe Play From Home 322"]
[Site "Emanuel Lasker Arena"]
[Date "2020.07.22"]
[Round "9"]
[White "mcwashere99"]
[Black "Mepe_Nika"]
[Result "1-0"]
[WhiteElo "1869"]
[BlackElo "2419"]
[Annotator "NA"]
[PlyCount "59"]
[EventDate "2020.07.22"]
[EventType "swiss (blitz)"]

1. c4 {[%emt 0:00:05]} c6 {[%emt 0:00:01]} 2. Nc3 {[%emt 0:00:00]} d5 {[%emt 0:00:01]} 3. d4 {[%emt 0:00:00]} Nf6 {[%emt 0:00:01]} 4. Nf3 {[%emt 0:00:00]} e6 {[%emt 0:00:01]} 5. g3 {[%emt 0:00:00]} dxc4 {[%emt 0:00:02]} 6. Bg2 {[%emt 0:00:00]} Nbd7 {[%emt 0:00:00]} 7. O-O {[%emt 0:00:00]} b5 {[%emt 0:00:00]} 8. e4 {[%emt 0:00:00]} Be7 {[%emt 0:00:02]} 9. e5 {[%emt 0:00:01]} Nd5 {[%emt 0:00:01]} 10. Nxd5 {[%emt 0:00:01]} cxd5 {[%emt 0:00:01]} 11. a4 {[%emt 0:00:00]} b4 {[%emt 0:00:02]} 12. a5 {[%emt 0:00:01]} O-O {[%emt 0:00:01]} 13. h4 {[%emt 0:00:00]} f6 {[%emt 0:00:01]} 14. Re1 {[%emt 0:00:02]} Qc7 {[%emt 0:00:04]} 15. exf6 {[%emt 0:00:03]} Nxf6 {[%emt 0:00:00]} 16. Bf4 {[%emt 0:00:01]} Bd6 {[%emt 0:00:00]} 17. Be5 {[%emt 0:00:04]} Bd7 {[%emt 0:00:02]} 18. a6 {[%emt 0:00:02]} Ne4 {[%emt 0:00:01]} 19. Bxd6 {[%emt 0:00:02]} Qxd6 {[%emt 0:00:01]} 20. Ne5 {[%emt 0:00:00]} Nxf2 {[%emt 0:00:02]} 21. Rf1 {[%emt 0:00:01]} Ne4 {[%emt 0:00:01]} 22. Qh5 {[%emt 0:00:01]} Rxf1+ {[%emt 0:00:04]} 23. Rxf1 {[%emt 0:00:02]} Nf6 {[%emt 0:00:04]} 24. Qf7+ {[%emt 0:00:01]} Kh8 {[%emt 0:00:01]} 25. Rxf6 {[%emt 0:00:00]} gxf6 {[%emt 0:00:06]} 26. Qxf6+ {[%emt 0:00:00]} Kg8 {[%emt 0:00:01]} 27. Qf7+ {[%emt 0:00:00]} Kh8 {[%emt 0:00:01]} 28. Nxd7 {[%emt 0:00:00]} Rg8 {[%emt 0:00:03]} 29. Nf6 {[%emt 0:00:03]} Qf8 {[%emt 0:00:01]} 30. Qxh7# {[%emt 0:00:02] Mate} 1-0

[Event "Stay Safe Play From Home 322"]
[Site "Emanuel Lasker Arena"]
[Date "2020.07.22"]
[Round "9"]
[White "NeatFox"]
[Black "Klasman"]
[Result "1-0"]
[WhiteElo "1796"]
[BlackElo "1410"]
[Annotator "NA"]
[PlyCount "47"]
[EventDate "2020.07.22"]
[EventType "swiss (blitz)"]

1. g4 {[%emt 0:00:01]} e6 {[%emt 0:00:03]} 2. Bg2 {[%emt 0:00:00]} d5 {[%emt 0:00:02]} 3. c4 {[%emt 0:00:00]} c6 {[%emt 0:00:02]} 4. cxd5 {[%emt 0:00:00]} cxd5 {[%emt 0:00:01]} 5. Qb3 {[%emt 0:00:00]} Nc6 {[%emt 0:00:01]} 6. e3 {[%emt 0:00:01]} Bd6 {[%emt 0:00:01]} 7. d4 {[%emt 0:00:00]} Nge7 {[%emt 0:00:02]} 8. h4 {[%emt 0:00:01]} Rb8 {[%emt 0:00:02]} 9. Nc3 {[%emt 0:00:01]} O-O {[%emt 0:00:01]} 10. Bd2 {[%emt 0:00:00]} Na5 {[%emt 0:00:02]} 11. Qd1 {[%emt 0:00:01]} e5 {[%emt 0:00:04]} 12. g5 {[%emt 0:00:01]} e4 {[%emt 0:00:01]} 13. Nge2 {[%emt 0:00:02]} Qb6 {[%emt 0:00:04]} 14. b3 {[%emt 0:00:01]} Bg4 {[%emt 0:00:05]} 15. Na4 {[%emt 0:00:07]} Qd8 {[%emt 0:00:05]} 16. Rc1 {[%emt 0:00:02]} Ng6 {[%emt 0:00:03]} 17. Rg1 {[%emt 0:00:02]} Bh5 {[%emt 0:00:02]} 18. Rh1 {[%emt 0:00:01]} Rc8 {[%emt 0:00:05]} 19. Rxc8 {[%emt 0:00:02]} Qxc8 {[%emt 0:00:02]} 20. Bxa5 {[%emt 0:00:00]} b6 {[%emt 0:00:02]} 21. Bd2 {[%emt 0:00:01]} Qg4 {[%emt 0:00:01]} 22. Bf1 {[%emt 0:00:02]} Nxh4 {[%emt 0:00:03]} 23. Rxh4 {[%emt 0:00:02]} Qxh4 {[%emt 0:00:02]} 24. Nac3 {[%emt 0:00:00] Time (Lag: Av=0.47s, max=0.9s)} 1-0

[Event "Stay Safe Play From Home 322"]
[Site "Emanuel Lasker Arena"]
[Date "2020.07.22"]
[Round "9"]
[White "Oznog"]
[Black "Broken sword"]
[Result "0-1"]
[WhiteElo "1777"]
[BlackElo "2421"]
[PlyCount "90"]
[EventDate "2020.07.22"]
[EventType "swiss (blitz)"]

1. d4 {[%emt 0:00:03]} c5 {[%emt 0:00:01]} 2. d5 {[%emt 0:00:01]} e5 {[%emt 0:00:01]} 3. c4 {[%emt 0:00:00]} d6 {[%emt 0:00:01]} 4. Nc3 {[%emt 0:00:00]} f5 {[%emt 0:00:00]} 5. e4 {[%emt 0:00:01]} Nf6 {[%emt 0:00:00]} 6. exf5 {[%emt 0:00:01]} Bxf5 {[%emt 0:00:01]} 7. Qb3 {[%emt 0:00:01]} Qb6 {[%emt 0:00:01]} 8. Qxb6 {[%emt 0:00:02]} axb6 {[%emt 0:00:00]} 9. Nge2 {[%emt 0:00:02]} Be7 {[%emt 0:00:01]} 10. Ng3 {[%emt 0:00:01]} Bg6 {[%emt 0:00:00]} 11. Be2 {[%emt 0:00:01]} O-O {[%emt 0:00:01]} 12. O-O {[%emt 0:00:00]} Nbd7 {[%emt 0:00:01]} 13. f4 {[%emt 0:00:00]} Ne4 {[%emt 0:00:02]} 14. f5 {[%emt 0:00:01]} Nxg3 {[%emt 0:00:02]} 15. hxg3 {[%emt 0:00:06]} Bf7 {[%emt 0:00:01]} 16. g4 {[%emt 0:00:01]} h6 {[%emt 0:00:01]} 17. Be3 {[%emt 0:00:02]} Nf6 {[%emt 0:00:01]} 18. Bd3 {[%emt 0:00:01]} Nxg4 {[%emt 0:00:01]} 19. Bd2 {[%emt 0:00:01]} Nf6 {[%emt 0:00:02]} 20. Ne4 {[%emt 0:00:01]} Bh5 {[%emt 0:00:02]} 21. Nxf6+ {[%emt 0:00:05]} Bxf6 {[%emt 0:00:00]} 22. Be4 {[%emt 0:00:01]} Kh8 {[%emt 0:00:04]} 23. Bf3 {[%emt 0:00:01]} Be8 {[%emt 0:00:03]} 24. g4 {[%emt 0:00:01]} b5 {[%emt 0:00:01]} 25. Be2 {[%emt 0:00:02]} bxc4 {[%emt 0:00:01]} 26. Bxc4 {[%emt 0:00:00]} b5 {[%emt 0:00:00]} 27. Bd3 {[%emt 0:00:02]} c4 {[%emt 0:00:02]} 28. Bc2 {[%emt 0:00:01]} Bd7 {[%emt 0:00:00]} 29. Bb4 {[%emt 0:00:01]} Be7 {[%emt 0:00:01]} 30. a3 {[%emt 0:00:01]} Kg8 {[%emt 0:00:01]} 31. Kg2 {[%emt 0:00:01]} Rfd8 {[%emt 0:00:01]} 32. Kg3 {[%emt 0:00:00]} Be8 {[%emt 0:00:00]} 33. Rh1 {[%emt 0:00:01]} Bg5 {[%emt 0:00:01]} 34. Rhf1 {[%emt 0:00:02]} Bf4+ {[%emt 0:00:01]} 35. Kg2 {[%emt 0:00:01]} Bf7 {[%emt 0:00:01]} 36. b3 {[%emt 0:00:02]} Bxd5+ {[%emt 0:00:01]} 37. Kg1 {[%emt 0:00:02]} cxb3 {[%emt 0:00:00]} 38. Bd3 {[%emt 0:00:01]} Rab8 {[%emt 0:00:01]} 39. Rab1 {[%emt 0:00:01]} Bc4 {[%emt 0:00:01]} 40. Rf3 {[%emt 0:00:02]} d5 {[%emt 0:00:01]} 41. Kg2 {[%emt 0:00:01]} Bg5 {[%emt 0:00:01]} 42. Rg3 {[%emt 0:00:01]} Bf4 {[%emt 0:00:01]} 43. Bxc4 {[%emt 0:00:01]} bxc4 {[%emt 0:00:01]} 44. Rf3 {[%emt 0:00:01]} Bg5 {[%emt 0:00:00]} 45. f6 {[%emt 0:00:01]} Bxf6 {[%emt 0:00:01] Oznog resigns (Lag: Av=0.39s, max=0.6s)} 0-1

[Event "Stay Safe Play From Home 322"]
[Site "Emanuel Lasker Arena"]
[Date "2020.07.22"]
[Round "9"]
[White "Mandy"]
[Black "Udolerhard"]
[Result "0-1"]
[WhiteElo "878"]
[BlackElo "1756"]
[Annotator "NA"]
[PlyCount "34"]
[EventDate "2020.07.22"]
[EventType "swiss (blitz)"]

1. d4 {[%emt 0:00:02]} Nf6 {[%emt 0:00:02]} 2. Bf4 {[%emt 0:00:01]} c5 {[%emt 0:00:02]} 3. e3 {[%emt 0:00:01]} Qb6 {[%emt 0:00:01]} 4. Qc1 {[%emt 0:00:06]} cxd4 {[%emt 0:00:01]} 5. exd4 {[%emt 0:00:10]} Qxd4 {[%emt 0:00:00]} 6. c3 {[%emt 0:00:05]} Qb6 {[%emt 0:00:03]} 7. Ne2 {[%emt 0:00:06]} Nd5 {[%emt 0:00:01]} 8. Bxb8 {[%emt 0:00:03]} Rxb8 {[%emt 0:00:02]} 9. Nd4 {[%emt 0:00:03]} e5 {[%emt 0:00:02]} 10. Nc2 {[%emt 0:00:04]} d6 {[%emt 0:00:04]} 11. b3 {[%emt 0:00:01]} Bf5 {[%emt 0:00:01]} 12. Qb2 {[%emt 0:00:04]} Be7 {[%emt 0:00:03]} 13. g4 {[%emt 0:00:02]} Bxg4 {[%emt 0:00:01]} 14. Be2 {[%emt 0:00:05]} Bxe2 {[%emt 0:00:01]} 15. Kxe2 {[%emt 0:00:01]} Nf4+ {[%emt 0:00:00]} 16. Kd1 {[%emt 0:00:02]} Nd3 {[%emt 0:00:01]} 17. Qa3 {[%emt 0:00:05]} d5 {[%emt 0:00:00] Zeit (Lag: Av=0.73s, max=0.8s)} 0-1